Channeling cultures : (Record no. 95101)

MARC details
000 -LEADER
fixed length control field 00815nam a22002297a 4500
005 - DATE AND TIME OF LATEST TRANSACTION
control field 20150814115437.0
010 ## - LCCN (DPL NO)
LC control number ENG-113559
020 ## - INTERNATIONAL STANDARD BOOK NUMBER
Terms of availability 895.00
International Standard Book Number 1980892059
020 ## - INTERNATIONAL STANDARD BOOK NUMBER
Terms of availability 895.00
International Standard Book Number 9780198092056
035 ## - SYSTEM CONTROL NUMBER
System control number EN- 97091
037 ## - SOURCE OF ACQUISITION
Source of stock number/acquisition DBAD/PUB
082 ## - DEWEY DECIMAL CLASSIFICATION NUMBER
Classification number 302.23450954
245 ## - TITLE STATEMENT
Title Channeling cultures :
Statement of responsibility, etc edited by Biswarup Sen [and] Abhijit Roy
Remainder of title television studies from India /
260 ## - PUBLICATION, DISTRIBUTION, ETC. (IMPRINT)
Place of publication, distribution, etc New Delhi
Name of publisher, distributor, etc Oxford University Press
Date of publication, distribution, etc 2014
270 ## - ADDRESS
Address YMCA Library Buiding, 1 Jai Singh Road,
City New Delhi
Postal code 110001
300 ## - PHYSICAL DESCRIPTION
Extent xix,322p.
Dimensions 23cm(Hb)
500 ## - GENERAL NOTE
General note Includes bibliographical references and index
650 ## - SUBJECT ADDED ENTRY--TOPICAL TERM
Topical term or geographic name as entry element Television
General subdivision Social aspects
Geographic subdivision India
Form subdivision Congresses.
700 ## - ADDED ENTRY--PERSONAL NAME
Personal name Sen, Biswarup
700 ## - ADDED ENTRY--PERSONAL NAME
Personal name Roy, Abhijit
942 ## - ADDED ENTRY ELEMENTS (KOHA)
Source of classification or shelving scheme Dewey Decimal Classification
Item type English Books
Call number suffix CHA
Classification part 302.23450954
Holdings
Withdrawn status Lost status Not for loan Collection code Home library Current library Date acquired Source of acquisition Cost, normal purchase price Full call number Barcode Copy number Cost, replacement price Koha item type
    Not For Loan Non-fiction D.B.Act.Division D.B.Act.Division 20/07/2015 DBAD/PUB 895.00 302.23450954 CHA EN-97091 1 895.00 English Books

© Delhi Public Library
Hit Counter
free hit counter